Furcht und Faszination: Facetten der Fremdheit
| Contributors: | ; |
|---|---|
| Format: | Print Book |
| Language: | German |
| Published: |
Berlin
Akademie-Verlag
1997
|
| In: | Year: 1997 |
| Online Access: |
Table of Contents Table of Contents |
| Availability in Tübingen: | Present in Tübingen. UB: 37 A 5650 |
| Check availability: | HBZ Gateway |
| Subito Delivery Service: | Order now. |
| Keywords: |
MARC
| LEADER | 00000cam a2200000 c 4500 | ||
|---|---|---|---|
| 001 | 223511633 | ||
| 003 | DE-627 | ||
| 005 | 20260206205118.0 | ||
| 007 | tu | ||
| 008 | 970208s1997 gw ||||| 00| ||ger c | ||
| 015 | |a 97,N07,0104 |2 dnb | ||
| 015 | |a 97,A19,0344 |2 dnb | ||
| 016 | 7 | |a 949530107 |2 DE-101 | |
| 020 | |a 3050029757 |c (brosch.) : ca. DM 64.00 |9 3-05-002975-7 | ||
| 035 | |a (DE-627)223511633 | ||
| 035 | |a (DE-603)051629240 | ||
| 035 | |a (DE-576)057141363 | ||
| 035 | |a (DE-599)GBV223511633 | ||
| 035 | |a (OCoLC)845346143 | ||
| 035 | |a (OCoLC)40260453 | ||
| 035 | |a (DE-H357)his10921 | ||
| 040 | |a DE-627 |b ger |c DE-627 |e rakwb | ||
| 041 | |a ger | ||
| 044 | |c XA-DE-BE | ||
| 050 | 0 | |a HM1131 | |
| 084 | |a 14 |2 sdnb | ||
| 084 | |a 14 |a 10 |a 16 |a 11 |2 sdnb | ||
| 084 | |a NK 8400 |2 rvk |0 (DE-625)rvk/126251: | ||
| 084 | |a MR 6400 |2 rvk |0 (DE-625)rvk/123532: | ||
| 084 | |a MR 5400 |2 rvk |0 (DE-625)rvk/123516: | ||
| 084 | |a MR 6600 |2 rvk |0 (DE-625)rvk/123534: | ||
| 084 | |a MS 3300 |2 rvk |0 (DE-625)rvk/123679: | ||
| 084 | |a MR 6000 |2 rvk |0 (DE-625)rvk/123527: | ||
| 084 | |a 10.00 |2 bkl | ||
| 084 | |a 71.52 |2 bkl | ||
| 084 | |a 77.22 |2 bkl | ||
| 090 | |a a | ||
| 245 | 0 | 0 | |a Furcht und Faszination |b Facetten der Fremdheit |c hrsg. von Herfried Münkler. Unter Mitarbeit von Bernd Ladwig |
| 264 | 1 | |a Berlin |b Akademie-Verlag |c 1997 | |
| 300 | |a 439 Seiten |b graph. Darst. |c 24 cm | ||
| 336 | |a Text |b txt |2 rdacontent | ||
| 337 | |a ohne Hilfsmittel zu benutzen |b n |2 rdamedia | ||
| 338 | |a Band |b nc |2 rdacarrier | ||
| 490 | 0 | |a Studien und Materialien der Interdisziplinären Arbeitsgruppe Die Herausforderung durch das Fremde der Berlin-Brandenburgischen Akademie der Wissenschaften | |
| 500 | |a Literaturangaben | ||
| 583 | 1 | |a Archivierung/Langzeitarchivierung gewährleistet |f SSG |x XA-DE-BW |2 pdager |5 DE-21 | |
| 650 | 0 | 7 | |0 (DE-588)4018421-3 |0 (DE-627)10415232X |0 (DE-576)208924264 |a Fremdheit |2 gnd |
| 650 | 0 | 7 | |0 (DE-588)4005248-5 |0 (DE-627)106382365 |0 (DE-576)208859918 |a Begriff |2 gnd |
| 650 | 0 | 7 | |0 (DE-588)4077567-7 |0 (DE-627)10607976X |0 (DE-576)209205652 |a Soziale Identität |2 gnd |
| 650 | 0 | 7 | |0 (DE-588)4045660-2 |0 (DE-627)106200755 |0 (DE-576)209066334 |a Phänomenologie |2 gnd |
| 650 | 4 | |a Fremder/Xenologie | |
| 650 | 4 | |a Stranger | |
| 650 | 4 | |a Fremdheit | |
| 650 | 4 | |a Soziale Identität | |
| 650 | 4 | |a Phänomenologie | |
| 650 | 4 | |a Soziale Distanz | |
| 650 | 4 | |a Soziale Bezugsgruppe | |
| 650 | 4 | |a Soziale Wahrnehmung | |
| 650 | 4 | |a Geschichte | |
| 650 | 4 | |a Systemtheorie | |
| 650 | 4 | |a Fremder | |
| 653 | 0 | |a a |a Alienation (Social psychology) | |
| 653 | 0 | |a a |a Alienation (Philosophy) | |
| 653 | 0 | |a a |a Exoticism in literature | |
| 655 | 7 | |a Aufsatzsammlung |0 (DE-588)4143413-4 |0 (DE-627)105605727 |0 (DE-576)209726091 |2 gnd-content | |
| 689 | 0 | 0 | |d s |0 (DE-588)4018421-3 |0 (DE-627)10415232X |0 (DE-576)208924264 |a Fremdheit |2 gnd |
| 689 | 0 | 1 | |d s |0 (DE-588)4005248-5 |0 (DE-627)106382365 |0 (DE-576)208859918 |a Begriff |2 gnd |
| 689 | 0 | |5 DE-101 | |
| 689 | 1 | 0 | |d s |0 (DE-588)4077567-7 |0 (DE-627)10607976X |0 (DE-576)209205652 |a Soziale Identität |2 gnd |
| 689 | 1 | |5 DE-101 | |
| 689 | 2 | 0 | |d s |0 (DE-588)4045660-2 |0 (DE-627)106200755 |0 (DE-576)209066334 |a Phänomenologie |2 gnd |
| 689 | 2 | |5 DE-101 | |
| 700 | 1 | |a Münkler, Herfried |d 1951- |e Hrsg. |0 (DE-588)120023482 |0 (DE-627)080392342 |0 (DE-576)162318960 |4 edt | |
| 700 | 1 | |a Ladwig, Bernd |d 1966- |0 (DE-588)121670945 |0 (DE-627)081457057 |0 (DE-576)182202887 |4 oth | |
| 856 | 4 | 2 | |u http://www.gbv.de/dms/hebis-darmstadt/toc/51629240.pdf |m V:DE-603 |m B:DE-17 |q pdf/application |x Verlag |y Inhaltsverzeichnis |3 Inhaltsverzeichnis |7 1 |
| 856 | 4 | 2 | |u http://scans.hebis.de/HEBCGI/show.pl?05162924_toc.pdf |m V:DE-603;B:DE-17 |q application/pdf |3 Inhaltsverzeichnis |7 1 |
| 935 | |a mkri | ||
| 935 | |i sf | ||
| 936 | r | v | |a NK 8400 |b Fest- und Sammelschriften von Gelehrten nichthistorischer Disziplinen |k Geschichte |k Weltgeschichte, Darstellungen Allgemeine Geschichte einzelner Staaten und Völker Teilgebiete der Geschichte, Sammelwerke |k Allgemeine Sammelwerke und Sammelbiografien |k Historiker-Festschriften und Aufsatzsammlungen von Historikern |k Fest- und Sammelschriften von Gelehrten nichthistorischer Disziplinen |0 (DE-627)1271458195 |0 (DE-625)rvk/126251: |0 (DE-576)201458195 |
| 936 | r | v | |a MR 6400 |b Einstellungen (attitudes) Meinungen (opinions), Einstellungsänderungen und Stereotype |k Soziologie |k Sozialwissenschaftliche Theorien und Methoden |k Psychologische Ansätze |k Einstellungen (attitudes) Meinungen (opinions), Einstellungsänderungen und Stereotype |0 (DE-627)1271423006 |0 (DE-625)rvk/123532: |0 (DE-576)201423006 |
| 936 | r | v | |a MR 5400 |b Formalisierte (Modell-)Theorien, Systemtheorien |k Soziologie |k Sozialwissenschaftliche Theorien und Methoden |k Jüngere soziologische Theorie |k Formalisierte (Modell-)Theorien, Systemtheorien |0 (DE-627)1271142074 |0 (DE-625)rvk/123516: |0 (DE-576)201142074 |
| 936 | r | v | |a MR 6600 |b Theorie der sozialen Interaktion, Kommunikation, Konformität |k Soziologie |k Sozialwissenschaftliche Theorien und Methoden |k Psychologische Ansätze |k Theorie der sozialen Interaktion, Kommunikation, Konformität |0 (DE-627)1271294419 |0 (DE-625)rvk/123534: |0 (DE-576)201294419 |
| 936 | r | v | |a MS 3300 |b Allgemeine Literatur |k Soziologie |k Spezielle Soziologien |k Soziologie der Minoritäten und Randgruppen |k Allgemeine Literatur |0 (DE-627)1270879677 |0 (DE-625)rvk/123679: |0 (DE-576)200879677 |
| 936 | r | v | |a MR 6000 |b Allgemeine (sozial-) psychologische Theorien und Textsammlungen |k Soziologie |k Sozialwissenschaftliche Theorien und Methoden |k Psychologische Ansätze |k Allgemeine (sozial-) psychologische Theorien und Textsammlungen |0 (DE-627)1271428210 |0 (DE-625)rvk/123527: |0 (DE-576)201428210 |
| 936 | b | k | |a 10.00 |j Geisteswissenschaften allgemein: Allgemeines |0 (DE-627)106405543 |
| 936 | b | k | |a 71.52 |j Kulturelle Prozesse |x Soziologie |0 (DE-627)106413678 |
| 936 | b | k | |a 77.22 |j Phänomenologische Psychologie |0 (DE-627)106418017 |
| 936 | s | n | |a m200 |2 mzub |
| 936 | s | n | |a c100 |2 mzub |
| 936 | s | n | |a m100 |2 mzub |
| 936 | s | n | |a c200 |2 mzub |
| 951 | |a BO | ||
| ELC | |b 1 | ||
| LOK | |0 000 xxxxxcx a22 zn 4500 | ||
| LOK | |0 001 3168984981 | ||
| LOK | |0 003 DE-627 | ||
| LOK | |0 004 223511633 | ||
| LOK | |0 005 20020213000000 | ||
| LOK | |0 008 970507||||||||||||||||ger||||||| | ||
| LOK | |0 040 |a DE-21 |c DE-627 |d DE-21 | ||
| LOK | |0 852 |a DE-21 | ||
| LOK | |0 852 1 |c 37 A 5650 |9 00 | ||
| LOK | |0 938 |l 40 |8 2 | ||
| LOK | |0 939 |a 07-05-97 |b l01 | ||
| LOK | |0 000 xxxxxcx a22 zn 4500 | ||
| LOK | |0 001 3168985066 | ||
| LOK | |0 003 DE-627 | ||
| LOK | |0 004 223511633 | ||
| LOK | |0 005 20120622122602 | ||
| LOK | |0 008 050323||||||||||||||||ger||||||| | ||
| LOK | |0 040 |a DE-21-85 |c DE-627 |d DE-21-85 | ||
| LOK | |0 541 |e 98-104 | ||
| LOK | |0 689 |a s |0 1311086250 |a Fremdheit | ||
| LOK | |0 852 |a DE-21-85 | ||
| LOK | |0 852 1 |c 4.500.1997 |m p |9 00 | ||
| LOK | |0 935 |a k085 | ||
| LOK | |0 938 |k p | ||
| LOK | |0 939 |a 23-03-05 |b l01 | ||
| LOK | |0 000 xxxxxcx a22 zn 4500 | ||
| LOK | |0 001 3168985074 | ||
| LOK | |0 003 DE-627 | ||
| LOK | |0 004 223511633 | ||
| LOK | |0 005 20100407082750 | ||
| LOK | |0 008 050309||||||||||||||||ger||||||| | ||
| LOK | |0 040 |a DE-21-52 |c DE-627 |d DE-21-52 | ||
| LOK | |0 541 |e 97/168 | ||
| LOK | |0 689 |a s |0 131086084X |a Fremdheit | ||
| LOK | |0 689 |a s |0 1310853983 |a Fremde | ||
| LOK | |0 852 |a DE-21-52 | ||
| LOK | |0 852 1 |c Ag 444 |m p |9 00 | ||
| LOK | |0 935 |a k052 | ||
| LOK | |0 938 |k p | ||
| LOK | |0 939 |a 09-03-05 |b l01 | ||
| LOK | |0 000 xxxxxcx a22 zn 4500 | ||
| LOK | |0 001 316898616X | ||
| LOK | |0 003 DE-627 | ||
| LOK | |0 004 223511633 | ||
| LOK | |0 005 19970324000000 | ||
| LOK | |0 008 970324||||||||||||||||ger||||||| | ||
| LOK | |0 040 |a DE-Frei85 |c DE-627 |d DE-Frei85 | ||
| LOK | |0 852 |a DE-Frei85 | ||
| LOK | |0 852 1 |m p |9 00 | ||
| LOK | |0 938 |k p | ||
| LOK | |0 939 |a 24-03-97 |b l01 | ||
| ORI | |a SA-MARC-krimdoka001.raw | ||
| SIG | |a UB: 37 A 5650 | ||
